Statistics for Keeper of the Lost Cities

Click here to take the quiz!

General Stats

  • This quiz has been taken 114 times
  • The average score is 10 of 13

Answer Stats

HintAnswer% Correct
Main CharacterSophie Foster
99%
Who is the person who found Sophie?Fitz Vacker
93%
Who has Technopathy?Dex Dizznee
92%
Who is a notorious prankster in Foxfire?Keefe Sencen
92%
Who is (see above)'s sister?Biana Vacker
89%
Which book did Silveny appear in?Exile
89%
What is Juline Dizznee's ability?Froster
87%
Where do the Vackers live?Everglen
76%
Where does the main character live?Havenfield
75%
Who kidnapped Sophie and Dex in the first book?The Neverseen
75%
Where did they end up in after they were rescued?Paris
64%
Who are Tam and Linh Song's parents? (their dad's name first)Quan and Mai Song
40%
What is Fintan's ability?Pyrokenetic
13%

Score Distribution

Percentile by Number Answered

Percent of People with Each Score

Your Score History

You have not taken this quiz